Geography Quiz

Random Geography or World Quiz

Non-Repeating Letters (World Capitals) Quiz Stats

 Plays Quiz Updated Feb 18, 2020

Support Sporcle.
Go Orange.
Score 0/53 Timer 08:00
4 Plays Today
Capital % Correct
Paris
89.2%
Rome
82.5%
Berlin
80.6%
Lisbon
76.5%
Cairo
73.6%
Dublin
72%
Lima
70.3%
Athens
67.1%
Bern
66.7%
Riga
63.3%
Kyiv
61.5%
Seoul
59.2%
Budapest
57.5%
Prague
56.7%
Quito
55.4%
Tunis
54.8%
Zagreb
54.5%
Minsk
53%
Bucharest
52.8%
Tehran
51.9%
Sofia
51.2%
Algiers
51%
Hanoi
50.6%
Vaduz
47.4%
Riyadh
47%
Kabul
44.6%
Baku
43.6%
Capital % Correct
Beirut
43.3%
Doha
43.1%
Male
40.3%
Muscat
40.3%
Suva
39.9%
Lomé
38.6%
Juba
37.4%
Belmopan
37.1%
Singapore
36.8%
Skopje
36.6%
Khartoum
34.7%
Windhoek
32.1%
Maputo
31.7%
Mogadishu
29.3%
Banjul
29.2%
Bangui
28.8%
Yaren
28.4%
Niamey
26.8%
Maseru
26.5%
Dushanbe
25.5%
Yaounde
25.4%
Conakry
24.3%
Roseau
23.8%
Majuro
22.7%
Bridgetown
21.3%
Port Vila
19.7%

You're not logged in!

Compare scores with friends on all Sporcle quizzes.
OR
Log In

From the Vault

Women and War

by Aprilli

Women and War, sounds more like a Diana Gabaldon book than a quiz.
Remove Ads.
Support Sporcle.
Get the best of Sporcle when you Go Orange. This ad-free experience offers more features, more stats, and more fun while also helping to support Sporcle. Thank you for becoming a member.

Show Comments

Extras

Top Quizzes Today


Score Distribution

Your Account Isn't Verified!

In order to create a playlist on Sporcle, you need to verify the email address you used during registration. Go to your Sporcle Settings to finish the process.

Report this User

Report this user for behavior that violates our Community Guidelines.

Details: